• 首页
  • 本馆介绍
  • 公告通知
  • 最新文献
  • 馆藏检索
  • 电子资源
  • 读者导购
  • 参考咨询
  • 我的图书馆
  • 登录
  • 详细信息显示
  • 放入我的书架
  • 预约/预借图书
  • 作者相关作品
  • 分类相关作品
  • 丛书相关作品
  • 出版社相关作品

书目信息

  • 表格格式
  • 工作单格式
  • 卡片格式
题名:
转基因棉花
    
 
作者: 陆宴辉 主编
分册:  
出版信息: 北京   中国农业科学技术出版社  2020.1
页数: 173页
开本: 24cm
丛书名:
单 册:
中图分类: S562
科图分类:
主题词: 转基因植物--棉花--介绍
电子资源:
ISBN: 978-7-5116-4407-7
000 01153nam0 2200265 45
001 012001002999
005 20141010153633.0
010    @a978-7-5116-4407-7@dCNY58.00
100    @a20200422d2020 em y0chiy50 ea
101 0  @achi
102    @aCN@b110000
105    @aa z 000yy
106    @ar
200 1  @a转基因棉花@Azhuan ji yin mian hua@b专著@dTransgenic cotton@f陆宴辉主编@zeng
210    @a北京@c中国农业科学技术出版社@d2020.1
215    @a173页@c图,照片@d24cm
300    @a转基因科普书系 “十三五”国家重点图书出版物出版规划项目
300    @a并列题名:Transgenic cotton
330    @a本书介绍了棉花的用途和生产史、为害棉花的主要病虫草害、转基因棉花的研发过程与现状、转基因棉花的环境安全评价和监测以及转基因棉花的产业化应用等。试图从科普性、知识性和专业性的角度,较为全面、客观地揭示转基因棉花的“前世和今生”,为使读者能从中获得对转基因棉花的研发、评价与推广,尤其是生产应用价值等相关信息以及安全性问题等系列疑问的解答。
510 1  @aTransgenic cotton@zeng
606 0  @a转基因植物@x棉花@x介绍
690    @aS562@v5
701  0 @a陆宴辉@Alu yan hui@f(1980-)@4主编
801  2 @aCN@bBJSDL@c20211018
905    @b1351119-21@dS562@e135@f3
    
    转基因棉花=Transgenic cotton/陆宴辉主编.-北京:中国农业科学技术出版社,2020.1
    173页:图,照片;24cm
    转基因科普书系 “十三五”国家重点图书出版物出版规划项目.-并列题名:Transgenic cotton
    
    ISBN 978-7-5116-4407-7:CNY58.00
    本书介绍了棉花的用途和生产史、为害棉花的主要病虫草害、转基因棉花的研发过程与现状、转基因棉花的环境安全评价和监测以及转基因棉花的产业化应用等。试图从科普性、知识性和专业性的角度,较为全面、客观地揭示转基因棉花的“前世和今生”,为使读者能从中获得对转基因棉花的研发、评价与推广,尤其是生产应用价值等相关信息以及安全性问题等系列疑问的解答。
●
相关链接 在E读中查询图书 在五车中查询图书 在当当中查询图书 在豆瓣中查询图书


正题名:转基因棉花     索取号:S562/135         预约/预借

序号 登录号 条形码 馆藏地/架位号 状态 备注
1 1351119   213511190   第二样本阅览室/ [索取号:S562/135] 在馆    
2 1351120   213511207   第三借阅区/ [索取号:S562/135] 在馆    
3 1351121   213511216   第三借阅区/ [索取号:S562/135] 在馆    
唐山师范学院图书馆 欢迎您!
大连网信软件有限公司© 版权所有